<?xml version="1.0" encoding="UTF-8" ?>
<collection xmlns="http://www.loc.gov/MARC21/slim"><record><leader>01374nam a2200325   4500</leader><controlfield tag="001">230999</controlfield><controlfield tag="003">CH-000273-5</controlfield><controlfield tag="005">20250806142842.0</controlfield><datafield tag="020" ind1=" " ind2=" "><subfield code="a">978-3-907690-08-6</subfield></datafield><datafield tag="040" ind1=" " ind2=" "><subfield code="a">CH-000273-5</subfield><subfield code="b">ger</subfield><subfield code="e">rda</subfield></datafield><datafield tag="041" ind1="0" ind2=" "><subfield code="a">ger</subfield><subfield code="a">eng</subfield></datafield><datafield tag="100" ind1="1" ind2=" "><subfield code="a">Capaul, Sandra</subfield><subfield code="d">1965-</subfield><subfield code="e">Künstler</subfield><subfield code="4">art</subfield></datafield><datafield tag="245" ind1="1" ind2="0"><subfield code="a">Now - a universe in chapters</subfield><subfield code="b">Sandra Capaul</subfield><subfield code="c">Herausgeberin/editor: Mirjam Fischer ; Texte/texts: Bernhard von Waldkirch, Seraina Peer</subfield></datafield><datafield tag="264" ind1=" " ind2="1"><subfield code="a">St. Gallen</subfield><subfield code="a">Berlin</subfield><subfield code="b">Vexer Verlag</subfield><subfield code="c">[2025]</subfield></datafield><datafield tag="300" ind1=" " ind2=" "><subfield code="a">160 Seiten</subfield><subfield code="b">Illustrationen</subfield><subfield code="c">33 cm</subfield></datafield><datafield tag="336" ind1=" " ind2=" "><subfield code="a">Text</subfield><subfield code="b">txt</subfield><subfield code="2">rdacontent</subfield></datafield><datafield tag="336" ind1=" " ind2=" "><subfield code="a">unbewegtes Bild</subfield><subfield code="b">sti</subfield><subfield code="2">rdacontent</subfield></datafield><datafield tag="337" ind1=" " ind2=" "><subfield code="a">ohne Hilfsmittel zu benutzen</subfield><subfield code="b">n</subfield><subfield code="2">rdamedia</subfield></datafield><datafield tag="338" ind1=" " ind2=" "><subfield code="a">Band</subfield><subfield code="b">nc</subfield><subfield code="2">rdacarrier</subfield></datafield><datafield tag="490" ind1="1" ind2=" "><subfield code="a">Binding sélection d&apos;artistes</subfield><subfield code="v">n° 114</subfield></datafield><datafield tag="546" ind1=" " ind2=" "><subfield code="a">Paralleltext deutsch und englisch</subfield></datafield><datafield tag="600" ind1="1" ind2="7"><subfield code="a">Capaul, Sandra</subfield><subfield code="d">1965-</subfield><subfield code="x">Kunst</subfield><subfield code="y">Geschichte 1997-2024</subfield><subfield code="2">gnd</subfield></datafield><datafield tag="655" ind1=" " ind2="7"><subfield code="a">Ausstellungskatalog</subfield><subfield code="x">Vebikus Kunsthalle Schaffhausen</subfield><subfield code="y">31.05.2025-20.07.2025</subfield><subfield code="z">Schaffhausen</subfield><subfield code="2">gnd-content</subfield></datafield><datafield tag="655" ind1=" " ind2="7"><subfield code="a">Bildband</subfield><subfield code="2">gnd-content</subfield></datafield><datafield tag="700" ind1="1" ind2=" "><subfield code="a">Fischer, Mirjam</subfield><subfield code="d">1969-</subfield><subfield code="e">Herausgeber</subfield><subfield code="4">edt</subfield></datafield><datafield tag="700" ind1="1" ind2=" "><subfield code="a">Waldkirch, Bernhard von</subfield><subfield code="d">1952-</subfield><subfield code="e">Verfasser</subfield><subfield code="4">aut</subfield></datafield><datafield tag="700" ind1="1" ind2=" "><subfield code="a">Peer, Seraina</subfield><subfield code="d">1994-</subfield><subfield code="e">Verfasser</subfield><subfield code="4">aut</subfield></datafield><datafield tag="710" ind1="2" ind2=" "><subfield code="a">Vebikus Kunsthalle Schaffhausen</subfield><subfield code="e">Veranstalter</subfield><subfield code="4">orm</subfield></datafield><datafield tag="830" ind1=" " ind2="0"><subfield code="a">Binding sélection d&apos;artistes</subfield><subfield code="v">114</subfield><subfield code="w">(CH-000273-5)96535</subfield></datafield><datafield tag="852" ind1="4" ind2=" "><subfield code="a">CH-000273-5</subfield><subfield code="c">D 2025/0143</subfield></datafield></record></collection>